Guess the BTS Members in One Word - Statistics

General Stats
  • This quiz has been taken 1,373 times
  • The average score is 7 of 7
Answer Stats
Hint Answer % Correct
CUTE Jimin
100%
MUSCLES Jungkook
100%
SLEEP Suga
100%
COLORFUL J-Hope
99%
EAT Jin
99%
CHILD V
99%
DESTRUCTION Rap Monster
90%
No matching quizzes found
Score Distribution
Percent of People with Each Score
Percentile by Number Answered
Your Score History
You have not taken this quiz